Nghiên cứu đối chiếu các ngôn ngữ /

Gespeichert in:
Bibliographische Detailangaben
1. Verfasser: Lê Quang Thiêm.
Format: Sách giấy
Sprache:Vietnamese
Veröffentlicht: H. : Đai học và Giáo dục Chuyên nghiệp, 1989
Schlagworte:
Tags: Tag hinzufügen
Keine Tags, Fügen Sie den ersten Tag hinzu!
Thư viện lưu trữ: Thư viện Trường Đại học Đà Lạt
LEADER 00683nam a2200277 4500
001 DLU140160352
005 ##20140227
040 # # |a DLU  |b vie 
041 # # |a vie 
044 # # |a vn 
082 # # |a 410  |b LE-T 
100 # # |a Lê Quang Thiêm. 
245 # # |a Nghiên cứu đối chiếu các ngôn ngữ /  |c Lê Quang Thiêm. 
260 # # |a H. :  |b Đai học và Giáo dục Chuyên nghiệp,  |c 1989 
300 # # |a 235 tr. ;  |c 21 cm 
650 # # |a Ngôn ngữ học. 
923 # # |a 17/2005 
992 # # |a 30.500 
994 # # |a DLU 
900 # # |a True 
911 # # |a Trương Thị Mỹ Lệ 
925 # # |a G 
926 # # |a A 
927 # # |a SH 
980 # # |a Thư viện Trường Đại học Đà Lạt